=LDR 00000nam 2200000 4500 =001 INLIS000000000013133 =005 20130612104555 =008 ***********************************Ind** =035 ##$$0010-061300000013133 =041 ##$$a Ind =082 ##$$a 610.730 4 =090 ##$$a 610.730 4, Wid l =100 ##$$a Widdowson, Rosalind =245 ##$$a Langkah- langkah mudah menuju penyembuhan alami, Rosalind Widdowson ; penerjemah, Riky Nilsya =260 ##$$a 2003 $b Jakarta =300 ##$$a 68 hlm, ilus, 21 cm =650 ##$$a Perawatan dan perawatan - Alami =700 ##$$a Nilsya, Riky =850 ##$$a NBPNMAT